• 首页
  • 本馆介绍
  • 公告通知
  • 最新文献
  • 馆藏检索
  • 电子资源
  • 读者导购
  • 参考咨询
  • 我的图书馆
  • 登录
  • 详细信息显示
  • 放入我的书架
  • 预约/预借图书
  • 作者相关作品
  • 分类相关作品
  • 丛书相关作品
  • 出版社相关作品

书目信息

  • 表格格式
  • 工作单格式
  • 卡片格式
题名:
武术竞赛规则
    
 
作者: ;中华人民共和国体育运动委员会审定
分册:  
出版信息: 北京   人民体育出版社  1959
页数: 158页
开本: 14cm
丛书名:
单 册:
中图分类: G852.4
科图分类:
主题词: 武术 , 民族形式体育
电子资源:
ISBN:
000 00719nam0 2200217 450
001 0657054327
005 20061104155444.92
010    @dCNY0.23
100    @a20061104d1959 km y0chiy0120 ea
101 0  @achi
102    @aCN@b110000
200 1  @a武术竞赛规则@Awu shu jing sai gui ze@e1979@f中华人民共和国体育运动委员会审定@Fzhong hua ren min gong he guo ti yu yun dong wei yuan hui shen ding
210    @a北京@c人民体育出版社@d1959
215    @a158页@d14cm
517 1  @a1979
606 0  @a武术
606 0  @a民族形式体育
690    @aG852.4@v3
711  0 @a中华人民共和国体育运动委员会审定@Azhong hua ren min gong he guo ti yu yun dong wei yuan hui shen ding
801  0 @aCN@bPFT@c20061104
905    @a10447@dG852.4@e14
    
    武术竞赛规则:1979/中华人民共和国体育运动委员会审定.-北京:人民体育出版社,1959
    158页;14cm
    
    
    ISBN :CNY0.23
    
●
相关链接 在E读中查询图书 在五车中查询图书 在当当中查询图书 在豆瓣中查询图书


正题名:武术竞赛规则     索取号:G852.4/14         预约/预借

序号 登录号 条形码 馆藏地/架位号 状态 备注
1 0032008   000992876   第一样本阅览室/ [索取号:G852.4/14] 在馆    
唐山师范学院图书馆 欢迎您!
大连网信软件有限公司© 版权所有